000
003190000a22001450004500
001
005751
003
MACL
040
_a
MACL
090
_c
12923
_d
12922
245
_a
Uloom ul Quran
_b
Shoq Munshi Ab.Rehman
260
_a
Wazeer e Hind stm P Amritsar
350
_a
0.25
650
_a
Urdu Literature
942
_k
891
_c
Book
999
_c
12850
_d
12850